| 000 | 02263nam a2200673 a 4500 | ||
|---|---|---|---|
| 005 | 20240412121332.0 | ||
| 008 | 100603t2009||||ag a f |||| 001 0 spa d | ||
| 020 | _a9789870239246 | ||
| 041 | _aspa | ||
| 092 |
_c616.5 _l81 _sSTO |
||
| 100 | 1 |
_aStoichevich, Flora Maria _93071 |
|
| 245 |
_aGuía de dermatología clínica / _cFlora María Stoichevich |
||
| 250 | _a1a ed. | ||
| 260 |
_aBuenos Aires: _bDunken; _c2009. |
||
| 300 |
_a560 p. _c16x23 cm. _eIncluye CD |
||
| 500 | _aStoichevich, F. M. (2009). Guía de dermatología clínica. (1a ed.). Buenos Aires : Dunken. | ||
| 653 | _aBiología elemental de la piel | ||
| 653 | _aSemiología dermatológica | ||
| 653 | _aEnfermedades maculosas | ||
| 653 | _aEnfermedades papulosas | ||
| 653 | _aEnfermedades ampollares | ||
| 653 | _aFarmacodermias | ||
| 653 | _aEnfermedades eritematoescamosas | ||
| 653 | _aEnfermedades vésicoescamosas | ||
| 653 | _aInfecciones bacterianas | ||
| 653 | _aLepra (Enfermedad de Hansen) | ||
| 653 | _aTuberculosis cutánea | ||
| 653 | _aMicobacteriosis atípicas | ||
| 653 | _aInfecciones virósicas | ||
| 653 | _aInfecciones de transmisión sexual | ||
| 653 | _aManifestaciones cutáneas y musosas de la infección por HIV | ||
| 653 | _aInfecciones micóticas (micosis superficiales/micosis profundas) | ||
| 653 | _aDermatosis causadas por artrópodos | ||
| 653 | _aLeishmaniasis | ||
| 653 | _aConectivopatías | ||
| 653 | _aVasculitis leucocitoclástica | ||
| 653 | _aNevos | ||
| 653 | _aTumores cutaneos benignos | ||
| 653 | _aAfecciones precancerosas | ||
| 653 | _aTumores cutáneos malignos | ||
| 653 | _aLinfomas cutáneos primarios | ||
| 653 | _aPitiriasis liquenoide | ||
| 653 | _aPiel y enfermedades internas | ||
| 653 | _aPrurito | ||
| 653 | _aAcné | ||
| 653 | _aRosácea | ||
| 653 | _aAlopecias | ||
| 653 | _aAfecciones de las uñas | ||
| 653 | _aPsicodermatosis | ||
| 653 | _aAlteraciones vasculares | ||
| 653 | _aPaniculitis | ||
| 653 | _aGenodermatosis | ||
| 653 | _aDermatosis neonatales | ||
| 653 | _aDermatología pediátrica | ||
| 653 | _aTerapéutica dermatológica externa | ||
| 653 | _aCirugía dermatológica | ||
| 653 | _aPresentación de casos clínicos | ||
| 942 |
_2ddc _cBK |
||
| 999 |
_c2262 _d2262 |
||